Statistics for Counting Crows, Vanessa Carlton - Big Yellow Taxi Lyrics

Click here to take the quiz!

General Stats

  • This quiz has been taken 13 times
  • The average score is 162 of 210

Answer Stats

Lyrics% Correct
a
100%
i
100%
the
100%
and
92%
go
92%
they
92%
to
92%
you
92%
always
83%
big
83%
don't
83%
gone
83%
got
83%
it
83%
it's
83%
know
83%
lot
83%
paradise
83%
parking
83%
see
83%
seem
83%
taxi
83%
'til
83%
what
83%
with
83%
yellow
83%
away
75%
hot
75%
paved
75%
put
75%
spot
75%
that
75%
up
75%
all
67%
dollar
67%
me
67%
swinging
67%
took
67%
'em
58%
half
58%
hey
58%
in
58%
just
58%
museum
58%
my
58%
people
58%
tree
58%
boutique
50%
but
50%
charged
50%
on
50%
pink
50%
trees
50%
apples
42%
bees
42%
birds
42%
DDT
42%
door
42%
farmer
42%
girl
42%
heard
42%
hotel
42%
leave
42%
now
42%
please
42%
screen
42%
slam
42%
give
33%
oh
33%
spots
33%
last
17%
late
17%
night
17%
come
8%
said
8%

Score Distribution

Percentile by Number Answered

Percent of People with Each Score

Your Score History

You have not taken this quiz